000 00636nam a2200241Ia 4500
003 OSt
005 20220924145607.0
006 a|||||r|||| 00| 0
007 ta
008 220923b |||||||| |||| 00| 0 tel d
020 _c12.00
024 _a329485
037 _cTextual
040 _aARTS
_cARTS
_btel
041 _2tel
_atel
082 _aO142,1x, 35M3
100 _aChiranjeevini Kumari Tr.
_9220135
245 0 _aLeta manderalu rakta sinduralu
260 _c1983
650 _aRUSSIAN LITERATURE
_915056
942 _hO142,1x, 35M3
_cTEXL
_2CC
999 _c460593
_d460593